| 000 | 00607nam a2200241 a 4500 | ||
|---|---|---|---|
| 005 | 20210219152954.0 | ||
| 008 | 991125n 000 0 u | ||
| 035 | _aUPN01000069880 | ||
| 100 | _aPodlasyi, I | ||
| 222 | _aSOVIET EDUCATION | ||
| 245 | _aCraftsman, professional, creator | ||
| 300 | _a17-31 | ||
| 362 | _a33, No. 6, 1991 | ||
| 505 | _aMayo 1992 | ||
| 653 | 0 | _aCREATIVIDAD | |
| 653 | 0 | _aEAC | |
| 653 | 0 | _aPROFESION DOCENTE | |
| 653 | 0 | _aEVALUACION DEL MAESTRO | |
| 653 | 0 | _aRELACION TEORIA-PRACTICA | |
| 653 | 0 | _aTEORIAS EDUCATIVAS | |
| 904 |
_aAC _b007691 |
||
| 905 | _aArticulo | ||
| 999 |
_c65156 _d65156 |
||